00813nam a22002177a 4500999001900000005001700019010001500036020002700051035001400078037001300092082001400105245012200119260004500241270006800286300002500354700002000379700001900399700002100418942002800439952012800467 c189241d18924120220622142806.0 aENG-133319 a9780190121150c1495.00 aEN-116851 bDBAD/PUB a362.10954 aIndian Public Finance and Policy Report:bHealth Matters/cEdited by Jyotsna Jalan, Sugata Marjit And Sattwik Santra  aNew DelhibOxford University Pressc2020 a22 Workspace, 2nd floor, 1/22 Asaf Ali Road,bNew Delhie110002 axvi,166p.c28cm(pbk) aJalan, Jyotsana aMarjit, Sugata aSantra, Sattwik  2ddccENh362.10954mIND 001040708NFICaZLSbZLSd2022-06-22eDBAD/PUBg1495.00l0o362.10954 INDpEN-116851r2022-06-22 00:00:00t1v1495.00yEN